Statistiken für One Piece Tote Charaktere

Klicken Sie hier um das Quiz zu spielen!

Allgemein

  • Dieses Quiz wurde 139 mal gespielt
  • Das Durchschnittsergebnis liegt bei 5 aus 32

Antwortstatistiken

HintAntwort% Korrekt
PPortgas D. Ace
95%
WWhitebeard
84%
GGol D. Roger
63%
OOden Kozuki
32%
PPedro
26%
CCorazon
19%
VVegapunk
18%
BBelle-mére
16%
RPortgas D. Rouge
16%
AAshura Doji
12%
MMone
12%
KKuina
11%
CNeferatarari cobra
9%
IIzou
7%
ONico Olivia
7%
TKozuki Toki
6%
NNoland
6%
OOrochi
6%
TTom
6%
VVergo
6%
FFisher Tiger
5%
KKanjuro
5%
KKleeblatt
5%
OOtohime
5%
YShimotsuki Yasuie
5%
TT Bone
4%
SScarlet
3%
TThatch
3%
BBanchina
2%
VVander Decken
2%
SSmiley
1%
HHiguma
0%

Verteilung der Resultate

Perzentil nach korrekt beantworteten Fragen

Anzahl Personen mit jedem Resultat

Ihre Resultats-Entwicklung

Sie haben dieses Quiz noch nicht gespielt